000 00319nam a2200121Ia 4500
008 240731s9999 xx 000 0 und d
022 _a1479-0548
245 0 _aTourism and Hospitality Planning & Development
260 _bRoutledge
856 _uhttps://www.tandfonline.com/loi/rthp20
942 _2ddc
942 _cTFEJ
999 _c80159
_d80159
945 _a1
_bMadushi Gamage
_c1
_dMadushi Gamage